000
00534nam a2200133Ia 4500
008
100328s9999 xx 000 0 und d
082
_b
9862
100
_a
जागीरदार प्र.ज.
245
_a
नागरिकशास्त्र व नागरिक जीवन
260
_b
ठाकूर आणि कं.
630
_a
नागरिकशास्त्र व नागरिक जीवन
730
_a
नागरिकशास्त्र व नागरिक जीवन
942
_c
BOOK
999
_c
505423
_d
505420